[Event "Cto Aragón Eq Play-off Preferente"]
[Site "Aragón"]
[Date "2016.01.30"]
[Round "1.48"]
[White "Martinez Carnicer, Eduardo"]
[Black "Sarto Ramos, Angel"]
[Result "1-0"]
[WhiteElo "1844"]
[BlackElo "1880"]
[PlyCount "114"]
[EventDate "2016.04.09"]
[WhiteTeam "Sabiñanigo"]
[BlackTeam "El Olivar C"]

1. e4 g6 2. d4 c6 3. Nc3 d5 4. e5 h5 5. h3 Bf5 6. Bd3 Bxd3 7. Qxd3 e6 8. Nf3
Be7 9. h4 Nd7 10. Bg5 a5 11. Bxe7 Qxe7 12. Ne2 Nh6 13. Nf4 Nf5 14. g3 Qb4+ 15.
c3 Qxb2 16. O-O Qa3 17. Ng5 Qe7 18. a4 Nf8 19. Rfb1 Qc7 20. Rb3 Rg8 21. Rab1
Ra7 22. R1b2 Nd7 23. Qb1 b6 24. Nh7 Ne7 25. Rxb6 Nxb6 26. Nf6+ Kf8 27. Nxg8
Kxg8 28. Rxb6 Kg7 29. Nd3 Nf5 30. Nc5 Qe7 31. Rxc6 g5 32. hxg5 Qxg5 33. Qd3 h4
34. Kh2 hxg3+ 35. fxg3 Ra8 36. Kg1 Rb8 37. Rc7 Qc1+ 38. Qf1 Qe3+ 39. Qf2 Rb1+
40. Kg2 Kg6 41. Qxe3 Nxe3+ 42. Kf3 Nc4 43. Nb7 Rc1 44. Nd8 Rxc3+ 45. Kf2 Rc2+
46. Kg1 Re2 47. Rxf7 Re4 48. Rf6+ Kg5 49. Nxe6+ Kg4 50. Rg6+ Kh5 51. Rg5+ Kh6
52. Kh2 Nb6 53. Rg8 Nxa4 54. Ra8 Nc3 55. Rxa5 Kh5 56. Nf4+ Kg4 57. Rc5 Re3 1-0

[Event "Cto Aragón Eq Play-off Preferente"]
[Site "Aragón"]
[Date "2016.01.30"]
[Round "1.49"]
[White "Hinojar Basa, Alfonso"]
[Black "Hefty, Jorge W"]
[Result "0-1"]
[WhiteElo "2196"]
[BlackElo "2352"]
[PlyCount "42"]
[EventDate "2016.04.09"]
[WhiteTeam "Marcos Frechin"]
[BlackTeam "IberCaja B"]

1. e4 c5 2. Nf3 e6 3. d4 cxd4 4. Nxd4 a6 5. Bd3 Nf6 6. Qe2 e5 7. Nf5 Nc6 8. c3
d5 9. exd5 Qxd5 10. Ne3 Qd8 11. O-O Bc5 12. Nd2 Bxe3 13. Qxe3 O-O 14. Ne4 Nd5
15. Qe2 f5 16. Ng3 Qh4 17. Rd1 Nde7 18. Qh5 Qxh5 19. Nxh5 f4 20. Bc4+ Kh8 21.
Rd6 Bg4 0-1

[Event "Cto Aragón Eq Play-off Preferente"]
[Site "Aragón"]
[Date "2016.01.30"]
[Round "1.50"]
[White "Jimenez Fernandez, Alejandro"]
[Black "Fuster Garcia, Luis"]
[Result "0-1"]
[WhiteElo "1984"]
[BlackElo "2167"]
[PlyCount "60"]
[EventDate "2016.04.09"]
[WhiteTeam "IberCaja B"]
[BlackTeam "Marcos Frechin"]

1. d4 Nf6 2. Nf3 g6 3. c4 Bg7 4. Nc3 O-O 5. e4 d6 6. Be2 Nbd7 7. O-O e5 8. dxe5
dxe5 9. Be3 c6 10. Nd2 Qe7 11. Rb1 Rd8 12. b4 Nf8 13. c5 Ne6 14. f3 Nd4 15. Qe1
Be6 16. Nc4 Bxc4 17. Bxc4 b5 18. cxb6 axb6 19. Qf2 b5 20. Bb3 Nd7 21. f4 Nxb3
22. Rxb3 exf4 23. Qxf4 Ne5 24. Qg5 Qe6 25. Bf4 h6 26. Qg3 Rd3 27. Qf2 Ng4 28.
Qc2 Qc4 29. Rf3 Bd4+ 30. Kh1 Rxf3 0-1

[Event "Cto Aragón Eq Play-off Preferente"]
[Site "Aragón"]
[Date "2016.01.30"]
[Round "1.51"]
[White "Ciriano Lamban, Alejandro"]
[Black "Garcia Monterde, Francisco Jos"]
[Result "1-0"]
[WhiteElo "2004"]
[BlackElo "1949"]
[PlyCount "55"]
[EventDate "2016.04.09"]
[WhiteTeam "Marcos Frechin"]
[BlackTeam "IberCaja B"]

1. d4 Nf6 2. c4 c5 3. d5 b5 4. Qc2 d6 5. e4 g6 6. Nf3 Bg7 7. Be2 O-O 8. h3 bxc4
9. O-O Ba6 10. Na3 c3 11. bxc3 Bxe2 12. Qxe2 Nbd7 13. Nc4 Nb6 14. Rd1 Na4 15.
Qc2 Nxc3 16. Qxc3 Nxe4 17. Qe3 Nxf2 18. Qxf2 Bxa1 19. Bg5 Bf6 20. Bxf6 exf6 21.
Qg3 Re8 22. Qxd6 Re2 23. Qxc5 Rxa2 24. d6 a5 25. d7 Kg7 26. Qd5 Rc2 27. Ne3 Rc7
28. Qxa8 1-0

[Event "Cto Aragón Eq Play-off Preferente"]
[Site "Aragón"]
[Date "2016.01.30"]
[Round "1.52"]
[White "Carrasquer Munoz, Alberto"]
[Black "Santos Morales, Julio Cesar"]
[Result "0-1"]
[WhiteElo "1811"]
[BlackElo "1851"]
[PlyCount "42"]
[EventDate "2016.04.09"]
[WhiteTeam "IberCaja B"]
[BlackTeam "Marcos Frechin"]

1. e4 c6 2. d4 d5 3. Nc3 dxe4 4. Nxe4 Nf6 5. Nxf6+ exf6 6. Bc4 Bd6 7. Ne2 Qc7
8. Be3 b5 9. Bd3 Be6 10. Qd2 Nd7 11. Nf4 O-O 12. Nxe6 fxe6 13. O-O-O Rad8 14.
Qe2 Rfe8 15. Kb1 e5 16. d5 e4 17. dxc6 exd3 18. Qxd3 Ne5 19. Qxb5 Qxc6 20. Qb3+
Kh8 21. Rd5 Rb8 0-1

[Event "Cto Aragon Equipos 2016 Pref Gr II"]
[Site "Aragon"]
[Date "2016.01.30"]
[Round "1.53"]
[White "Bayona Bafaluy, Jose Maria"]
[Black "Maza Broto, Pablo"]
[Result "0-1"]
[WhiteElo "1823"]
[BlackElo "2082"]
[PlyCount "64"]
[EventDate "2016.01.30"]
[WhiteTeam "Binefar"]
[BlackTeam "Jaime Casas B"]

1. e4 e6 2. Nc3 c5 3. Bc4 Nc6 4. a3 Nf6 5. d3 d5 6. exd5 exd5 7. Ba2 Be7 8. Bg5
O-O 9. Nf3 Re8 10. Qd2 d4 11. Ne2 Ng4 12. h3 Nge5 13. Bf4 Nxf3+ 14. gxf3 Bf6
15. O-O-O Be6 16. Bxe6 Rxe6 17. Ng3 Qd5 18. Kb1 Qxf3 19. Ne4 c4 20. Rhg1 c3 21.
Qc1 cxb2 22. Qd2 Rxe4 23. Bd6 Re6 24. Bh2 Qh5 25. Rg4 Ne5 26. Bxe5 Qxe5 27.
Rdg1 g6 28. f4 Qc5 29. Qb4 Qxb4 30. axb4 Rc8 31. Kxb2 Rb6 32. Ka3 Rxc2 0-1

[Event "Cto Aragon Equipos 2016 Pref Gr II"]
[Site "Aragon"]
[Date "2016.01.30"]
[Round "1.55"]
[White "Saura Solano, Jose Luis"]
[Black "Salas Latorre, Jose"]
[Result "1/2-1/2"]
[WhiteElo "1801"]
[BlackElo "1772"]
[PlyCount "69"]
[EventDate "2016.01.30"]
[WhiteTeam "Binefar"]
[BlackTeam "Jaime Casas B"]

1. Nf3 Nf6 2. c4 e6 3. g3 d5 4. Bg2 Nbd7 5. O-O Bd6 6. d3 O-O 7. Nc3 c6 8. e4
dxe4 9. dxe4 Bc7 10. Qe2 e5 11. Rd1 Qe7 12. b3 Re8 13. a4 Ba5 14. Bb2 Bb4 15.
Ne1 Nc5 16. Qc2 Ne6 17. Ne2 Nc5 18. Nd3 Nxd3 19. Rxd3 Nd7 20. Bc3 Bxc3 21. Nxc3
Nc5 22. Rd2 Bg4 23. f3 Bh5 24. Rad1 Red8 25. b4 Ne6 26. c5 Rxd2 27. Qxd2 Nd4
28. g4 Bg6 29. Qf2 f6 30. Ne2 Nxe2+ 31. Qxe2 Rd8 32. Bf1 Bf7 33. Rxd8+ Qxd8 34.
Qd3 Qxd3 35. Bxd3 1/2-1/2

[Event "Cto Aragon Equipos 2016 Pref Gr II"]
[Site "Aragon"]
[Date "2016.01.30"]
[Round "1.56"]
[White "Olivan Alvira, Alejandro"]
[Black "Arino Castan, Federico"]
[Result "0-1"]
[WhiteElo "1529"]
[BlackElo "1761"]
[PlyCount "76"]
[EventDate "2016.01.30"]
[WhiteTeam "Jaime Casas B"]
[BlackTeam "Binefar"]

1. c4 Nf6 2. Nc3 g6 3. e4 e5 4. Nf3 Nc6 5. d3 d6 6. Be2 Bd7 7. Bg5 Be7 8. Nd5
Nxd5 9. Bxe7 Ndxe7 10. Qd2 h6 11. h3 a5 12. a4 Nb4 13. O-O Nec6 14. Rfc1 Qf6
15. Kf1 b6 16. b3 Nd4 17. Nxd4 exd4 18. f4 O-O-O 19. Kg1 Qh4 20. Kh2 Qe7 21.
Qe1 f5 22. Qf2 fxe4 23. Qxd4 exd3 24. Bxd3 Nxd3 25. Qxd3 Qf6 26. Qf3 Kb8 27.
Rab1 Rhf8 28. Rf1 g5 29. g4 Qxf4+ 30. Qxf4 Rxf4 31. Rxf4 gxf4 32. Kg2 Bc6+ 33.
Kf2 Re8 34. h4 Kc8 35. h5 Re5 36. Rg1 Rg5 37. Kf1 Bd7 38. Kf2 Bxg4 0-1

[Event "Cto Aragon Equipos 2016 Pref Gr II"]
[Site "Aragon"]
[Date "2016.01.30"]
[Round "1.57"]
[White "Goni Navarro, Pablo"]
[Black "Accattato Martin, Mario"]
[Result "1/2-1/2"]
[WhiteElo "2060"]
[BlackElo "2240"]
[PlyCount "87"]
[EventDate "2016.01.30"]
[WhiteTeam "St. Casablanca C"]
[BlackTeam "Monzon"]

1. c4 c6 2. e4 e5 3. Nf3 Nf6 4. Nc3 d6 5. d4 Nbd7 6. Be2 Be7 7. O-O O-O 8. Rb1
a6 9. b4 Qc7 10. a4 b5 11. Qc2 Bb7 12. dxe5 dxe5 13. c5 Rfe8 14. Bd2 Nf8 15.
axb5 axb5 16. Ra1 Ne6 17. Bd3 Red8 18. Ne2 Nd7 19. Bc3 Bf6 20. Rfd1 h6 21. Qb2
Rxa1 22. Qxa1 Ng5 23. Nxg5 hxg5 24. Bc2 Ra8 25. Qb2 Nf8 26. Bb3 Bc8 27. Nc1 Be6
28. Bxe6 Nxe6 29. Nd3 Rd8 30. f3 Nf4 31. Nf2 Rxd1+ 32. Nxd1 g4 33. fxg4 Qd7 34.
Nf2 Ne6 35. g3 Nd4 36. Kg2 g6 37. h3 Qe6 38. h4 Qc4 39. g5 Bg7 40. Qd2 Kh7 41.
Bxd4 exd4 42. Nd3 Qe6 43. Qe2 Qc4 44. Kf2 1/2-1/2

[Event "Cto Aragon Equipos 2016 Pref Gr II"]
[Site "Aragon"]
[Date "2016.01.30"]
[Round "1.58"]
[White "Fredes Sin, Jorge"]
[Black "Cebollada Pacheco, Jesus Raul"]
[Result "0-1"]
[WhiteElo "1641"]
[BlackElo "2015"]
[PlyCount "134"]
[EventDate "2016.01.30"]
[WhiteTeam "Monzon"]
[BlackTeam "St. Casablanca C"]

1. e4 e5 2. Nf3 Nc6 3. Bb5 a6 4. Ba4 Nf6 5. O-O Be7 6. Nc3 d6 7. d3 b5 8. Bb3
Na5 9. h3 O-O 10. Bd2 Nxb3 11. axb3 c6 12. Re1 Qc7 13. Ne2 Ne8 14. Ng3 g6 15.
Bh6 Ng7 16. Qd2 f6 17. c4 Be6 18. Rec1 Qb7 19. d4 Rfb8 20. Bxg7 Kxg7 21. d5
cxd5 22. cxd5 Bd7 23. Rc2 Rc8 24. Rac1 Rxc2 25. Rxc2 Rc8 26. Ne1 Bd8 27. Nd3
Rxc2 28. Qxc2 a5 29. Ne2 Qb6 30. Kf1 Qb7 31. f3 Bb6 32. b4 a4 33. g4 Ba7 34.
Nc3 Qb6 35. Qf2 Qc7 36. Qe1 Qc4 37. Ke2 Bd4 38. Qc1 Bb6 39. f4 Bd4 40. fxe5
Bxe5 41. Kd2 Bxc3+ 42. Qxc3 Qxe4 43. Qc7 Qe7 44. Nf4 Kf7 45. Qb6 Qe5 46. Qe3
Qxb2+ 47. Kd1 Qa1+ 48. Kc2 Qe5 49. Qd2 f5 50. g5 Qe4+ 51. Kc1 Qc4+ 52. Kb1 a3
53. h4 Qb3+ 54. Ka1 Qc4 55. h5 gxh5 56. Nxh5 Qe4 57. g6+ hxg6 58. Ng3 Qe5+ 59.
Ka2 Qxg3 60. Qc2 f4 61. Qe2 Qe3 62. Qg2 Bf5 63. Qh2 Kg7 64. Qg2 Be4 65. Qh2
Bxd5+ 66. Kb1 a2+ 67. Kc2 Qb3+ 0-1

[Event "Cto Aragon Equipos 2016 Pref Gr II"]
[Site "Aragon"]
[Date "2016.01.30"]
[Round "1.59"]
[White "Garcia Andres, Daniel"]
[Black "Garreta Nieto, Maria"]
[Result "0-1"]
[WhiteElo "2001"]
[BlackElo "1615"]
[PlyCount "66"]
[EventDate "2016.01.30"]
[WhiteTeam "St. Casablanca C"]
[BlackTeam "Monzon"]

1. e4 c6 2. d4 d5 3. exd5 cxd5 4. c4 e6 5. Nc3 Nf6 6. Nf3 Nc6 7. cxd5 Nxd5 8.
Bd3 Be7 9. O-O O-O 10. a3 Bf6 11. Re1 Nb6 12. Be3 Kh8 13. Bc2 a6 14. Qd3 g6 15.
Ne4 Bg7 16. Neg5 Nd5 17. Ne5 Nxe5 18. dxe5 Bxe5 19. Bc5 Bxh2+ 20. Kxh2 Qc7+ 21.
Kg1 Qxc5 22. Re5 f6 23. Nxh7 fxe5 24. Nxf8 Qxf8 25. Qxg6 Qe7 26. Re1 Qg7 27.
Qe8+ Qg8 28. Qh5+ Kg7 29. Rxe5 Kf6 30. Bh7 Qg7 31. Re4 Qg5 32. Qf3+ Ke7 33. Rc4
Bd7 0-1

[Event "Cto Aragon Equipos 2016 Pref Gr II"]
[Site "Aragon"]
[Date "2016.01.30"]
[Round "1.60"]
[White "Fredes Sin, Jose"]
[Black "Abad Vinas, Jesus Manuel"]
[Result "0-1"]
[WhiteElo "1608"]
[BlackElo "1752"]
[PlyCount "46"]
[EventDate "2016.01.30"]
[WhiteTeam "Monzon"]
[BlackTeam "St. Casablanca C"]

1. d4 Nf6 2. c4 g6 3. Nc3 Bg7 4. e4 O-O 5. e5 Ne8 6. f4 d6 7. Nf3 Bg4 8. Be2 c5
9. dxc5 Nc6 10. cxd6 exd6 11. exd6 Nxd6 12. O-O Bxc3 13. bxc3 Qb6+ 14. Kh1 Ne4
15. Qe1 Rfe8 16. h3 Bf5 17. Ng5 Nf6 18. Qd1 Rad8 19. Bd2 h6 20. Rb1 Bxb1 21.
Nf3 Bf5 22. Qe1 Ne4 23. Bc1 Qa5 0-1

[Event "Cto Aragon Equipos 2016 Pref Gr II"]
[Site "Aragon"]
[Date "2016.01.30"]
[Round "1.61"]
[White "Pes Mateo, Angel"]
[Black "Andreu Sin, Raul"]
[Result "1-0"]
[WhiteElo "1967"]
[BlackElo "2060"]
[PlyCount "57"]
[EventDate "2016.01.30"]
[WhiteTeam "Delicias B"]
[BlackTeam "SMA Barbastro"]

1. d4 d5 2. Nf3 e6 3. c3 Nf6 4. Bg5 Be7 5. e3 Nbd7 6. Bd3 h6 7. Bf4 c5 8. Nbd2
O-O 9. Ne5 Re8 10. h4 c4 11. Bc2 Nxe5 12. dxe5 Nh7 13. Qf3 f5 14. Qh5 Rf8 15.
g4 Qe8 16. Qxe8 Rxe8 17. gxf5 exf5 18. Nf3 Bc5 19. O-O-O Be6 20. Rhg1 Kf7 21.
Nd4 Bxd4 22. exd4 Rg8 23. h5 b5 24. Rg2 a5 25. Rdg1 Bd7 26. a3 Ra6 27. Rg6 Raa8
28. Rb6 Rgb8 29. e6+ 1-0

[Event "Cto Aragon Equipos 2016 Pref Gr II"]
[Site "Aragon"]
[Date "2016.01.30"]
[Round "1.64"]
[White "Sanclemente Aragues, Angel"]
[Black "Sanchez Perez, Jose Felix"]
[Result "1-0"]
[WhiteElo "1699"]
[BlackElo "1578"]
[PlyCount "79"]
[EventDate "2016.01.30"]
[WhiteTeam "SMA Barbastro"]
[BlackTeam "Delicias B"]

1. e4 e5 2. Nf3 Nc6 3. d4 exd4 4. Nxd4 Nxd4 5. Qxd4 Qf6 6. Be3 Be7 7. Nc3 c6 8.
e5 Qh4 9. O-O-O Qxd4 10. Rxd4 Bc5 11. Re4 Bxe3+ 12. Rxe3 Ne7 13. Bd3 O-O 14. f4
b5 15. Be4 Rb8 16. Rd1 Re8 17. Red3 b4 18. Na4 Rb5 19. Rd6 Ra5 20. b3 g6 21.
R1d4 Nf5 22. Bxf5 gxf5 23. Rxb4 Rb5 24. Rc4 Re6 25. Nc5 Rxd6 26. exd6 Kf8 27.
a4 Rb6 28. c3 f6 29. Rd4 Kf7 30. Rd3 Rb8 31. Re3 Kg6 32. Re8 Kf7 33. Rd8 Ra8
34. Nxd7 Bb7 35. Rxa8 Bxa8 36. Nc5 Ke8 37. Kd2 h5 38. Ke3 Kd8 39. Kf3 Kc8 40.
Kg3 1-0

[Event "Cto Aragon Equipos 2016 Pref Gr II"]
[Site "Aragon"]
[Date "2016.01.30"]
[Round "1.66"]
[White "Alonso Blasco, Jose Miguel"]
[Black "Fuentes Espuna, Juan Antonio"]
[Result "0-1"]
[WhiteElo "2064"]
[BlackElo "1956"]
[PlyCount "126"]
[EventDate "2016.01.30"]
[WhiteTeam "Las Fuentes"]
[BlackTeam "L'Aurora Estadilla B"]

1. e4 c5 2. Nf3 Nc6 3. Bb5 g6 4. O-O Bg7 5. c3 a6 6. Ba4 b5 7. Bc2 Bb7 8. d4
cxd4 9. cxd4 Nb4 10. Bb3 e6 11. d5 a5 12. Qd2 Nf6 13. Nc3 O-O 14. a3 Na6 15. e5
b4 16. exf6 bxc3 17. bxc3 Qxf6 18. dxe6 dxe6 19. Nd4 Nc5 20. Bc2 Rfd8 21. Qe3
Rac8 22. Rb1 e5 23. Nb5 Ba8 24. Na7 Rc7 25. Nb5 Qc6 26. f3 Rcd7 27. a4 Nd3 28.
Ba3 Nf4 29. Rf2 Nd5 30. Qe1 Nf4 31. Qe3 Qf6 32. Kf1 Bd5 33. Kg1 Qg5 34. Kh1 Bh6
35. Qe1 Nxg2 36. Bc1 Nf4 37. Be4 Bxe4 38. Bxf4 Bxf3+ 39. Rxf3 exf4 40. Rf2 Qd5+
41. Kg1 f3 42. Kh1 Bd2 43. Qf1 Be3 44. Rxf3 Bc5 45. h3 Re8 46. Qg2 Qe4 47. Rbf1
Qxa4 48. Nd4 Bxd4 49. cxd4 Qxd4 50. Qa2 Qe4 51. Qxa5 Rd3 52. Kg2 Rxf3 53. Rxf3
Re5 54. Qd8+ Re8 55. Qf6 Qd5 56. Qc3 Re2+ 57. Kg1 Qe6 58. Qd3 Qe5 59. Kf1 Rb2
60. Rg3 Ra2 61. Re3 Qf4+ 62. Ke1 Qf2+ 63. Kd1 Ra1+ 0-1

[Event "Cto Aragon Equipos 2016 Pref Gr II"]
[Site "Aragon"]
[Date "2016.01.30"]
[Round "1.67"]
[White "Puertolas Serena, Arturo"]
[Black "Querol Soro, Sergio"]
[Result "0-1"]
[WhiteElo "1846"]
[BlackElo "1963"]
[PlyCount "64"]
[EventDate "2016.01.30"]
[WhiteTeam "L'Aurora Estadilla B"]
[BlackTeam "Las Fuentes"]

1. d4 Nf6 2. Nf3 g6 3. e3 Bg7 4. Bd3 d6 5. O-O a6 6. b3 c5 7. Bb2 cxd4 8. exd4
Nc6 9. a3 b5 10. Nbd2 O-O 11. Rc1 Nh5 12. c4 Nf4 13. Be4 d5 14. cxd5 Na5 15. d6
Ra7 16. b4 Nb7 17. dxe7 Qxe7 18. Re1 Qd8 19. Nb3 Nd6 20. Na5 Bd7 21. Bc6 Bf5
22. Rc3 Rc7 23. Ne5 Nc4 24. Naxc4 bxc4 25. Be4 Bxe5 26. Bxf5 Bxd4 27. Bg4 Nd3
28. Rxd3 cxd3 29. Bxd4 Qxd4 30. Bf3 d2 31. Re4 Qxe4 32. Bxe4 Rc1 0-1

[Event "Cto Aragon Equipos 2016 Pref Gr II"]
[Site "Aragon"]
[Date "2016.01.30"]
[Round "1.68"]
[White "Mombiela De Sus, Jose Luis"]
[Black "Rodriguez Avellanas, Jose Manu"]
[Result "1-0"]
[WhiteElo "1926"]
[BlackElo "1784"]
[PlyCount "59"]
[EventDate "2016.01.30"]
[WhiteTeam "Las Fuentes"]
[BlackTeam "L'Aurora Estadilla B"]

1. f4 Nf6 2. Nf3 g6 3. b4 Bg7 4. Bb2 O-O 5. e3 d5 6. Be2 a6 7. O-O b6 8. c4 c6
9. Qb3 Bb7 10. a4 Nbd7 11. cxd5 cxd5 12. Na3 Rc8 13. Nc2 Qc7 14. Ncd4 Qb8 15.
a5 b5 16. Bd3 Rfe8 17. Ne2 Red8 18. Bd4 Ne8 19. f5 Bxd4 20. Nexd4 Ng7 21. Rae1
Nf6 22. Qb1 Ne4 23. fxg6 hxg6 24. Bxe4 dxe4 25. Ng5 Rf8 26. Nxe4 Bxe4 27. Qxe4
Qd6 28. Rb1 e5 29. Nf3 Rc4 30. Qxe5 1-0

[Event "Cto Aragon Equipos 2016 Pref Gr II"]
[Site "Aragon"]
[Date "2016.01.30"]
[Round "1.69"]
[White "Fabre Perez, Jose Maria"]
[Black "Lopez Caudevilla, David"]
[Result "1/2-1/2"]
[WhiteElo "2057"]
[BlackElo "2031"]
[PlyCount "155"]
[EventDate "2016.01.30"]
[WhiteTeam "Marcos Frechin B"]
[BlackTeam "Actur Rey Fernando"]

1. e4 g6 2. d4 Bg7 3. Nf3 d6 4. Be2 Nf6 5. Nc3 O-O 6. O-O Nc6 7. d5 Nb8 8. a4
a5 9. Re1 Nbd7 10. Nd4 Nc5 11. Bf3 Nfd7 12. Bg5 Ne5 13. Be2 h6 14. Be3 e6 15.
Ndb5 Ned7 16. Qd2 Kh7 17. Na3 e5 18. Nc4 Re8 19. Ra3 b6 20. Qc1 g5 21. Nd2 Nf8
22. Bb5 Bd7 23. Bxd7 Ncxd7 24. Ne2 Ng6 25. Ng3 Nf4 26. Nf5 Nf6 27. Qd1 Qd7 28.
g3 Ng6 29. f3 Bh8 30. Qe2 Nxd5 31. Nxd6 Nxe3 32. Nxe8 Nxc2 33. Nxc7 Rd8 34. Nd5
Nxa3 35. bxa3 Ne7 36. Nc4 Nxd5 37. exd5 Qxd5 38. Ne3 Qc5 39. Qc4 Qxc4 40. Nxc4
Rd3 41. Re3 Rxe3 42. Nxe3 e4 43. fxe4 Bd4 44. Kf2 Bc5 45. Kf3 Bxa3 46. g4 Bc5
47. Nd5 Kg6 48. e5 h5 49. h3 hxg4+ 50. hxg4 Kg7 51. Ke4 Kg6 52. Nf6 Bf2 53. Kd5
Be3 54. Ne4 Kg7 55. Nd6 Kg6 56. Nc4 Bf2 57. Kc6 Bd4 58. Kd5 Bf2 59. e6 fxe6+
60. Kxe6 Bg1 61. Ne5+ Kg7 62. Kf5 Bd4 63. Nc4 Kh6 64. Nd6 Be3 65. Nf7+ Kg7 66.
Nxg5 Kf8 67. Ne6+ Ke7 68. Nc7 Kd6 69. Ke4 Bc1 70. Nd5 Kc5 71. Ke5 b5 72. axb5
Kxb5 73. Kd4 Kc6 74. Kc4 a4 75. Nc3 a3 76. Kb3 Kd6 77. Ne2 Bb2 78. Nc3 1/2-1/2

[Event "Cto Aragon Equipos 2016 Pref Gr II"]
[Site "Aragon"]
[Date "2016.01.30"]
[Round "1.70"]
[White "Aviol Perez, Jose Mariano"]
[Black "Gaspar Calvo, Luis Alberto"]
[Result "1-0"]
[WhiteElo "1821"]
[BlackElo "1930"]
[PlyCount "47"]
[EventDate "2016.01.30"]
[WhiteTeam "Actur Rey Fernando"]
[BlackTeam "Marcos Frechin B"]

1. d4 e6 2. c4 f5 3. g3 Nf6 4. Bg2 Be7 5. Nf3 O-O 6. O-O Qe8 7. b3 Qh5 8. Bb2
d6 9. Nc3 Bd7 10. e3 Bc6 11. d5 exd5 12. cxd5 Bd7 13. Ne2 c6 14. Nf4 Qh6 15.
Nd4 Ng4 16. h3 Ne5 17. Nfe6 Na6 18. Nxf8 Rxf8 19. f4 Nf7 20. dxc6 bxc6 21. h4
d5 22. Rc1 Nc5 23. Ba3 Bxh4 24. gxh4 1-0

[Event "Cto Aragon Equipos 2016 Pref Gr II"]
[Site "Aragon"]
[Date "2016.01.30"]
[Round "1.71"]
[White "Forcen Esteban, Victor"]
[Black "Fernandez Sierra, Pedro Jose"]
[Result "1/2-1/2"]
[WhiteElo "1897"]
[BlackElo "1670"]
[PlyCount "38"]
[EventDate "2016.01.30"]
[WhiteTeam "Marcos Frechin B"]
[BlackTeam "Actur Rey Fernando"]

1. e4 e6 2. d4 d5 3. Nd2 dxe4 4. Nxe4 Bd7 5. Nf3 Bc6 6. Nc3 Nd7 7. Bc4 Ngf6 8.
Bf4 a6 9. O-O b5 10. Bb3 Nb6 11. a3 Be7 12. Re1 O-O 13. Qd3 Nfd5 14. Bg3 Nxc3
15. Qxc3 Qe8 16. Bxc7 Nd5 17. Bxd5 Bxd5 18. Bg3 Rc8 19. Qd3 Bxf3 1/2-1/2

[Event "Cto Aragon Equipos 2016 Pref Gr II"]
[Site "Aragon"]
[Date "2016.01.30"]
[Round "1.72"]
[White "Gracia Chueca, Jose Luis"]
[Black "Ruiperez Gumiel, Ramon"]
[Result "1/2-1/2"]
[WhiteElo "1546"]
[BlackElo "1872"]
[PlyCount "40"]
[EventDate "2016.01.30"]
[WhiteTeam "Actur Rey Fernando"]
[BlackTeam "Marcos Frechin B"]

1. e4 g6 2. f4 Bg7 3. Nf3 c5 4. Bc4 e6 5. O-O Ne7 6. c3 Nbc6 7. Bb3 d5 8. e5
Qb6 9. d4 cxd4 10. cxd4 Nf5 11. Ba4 Bd7 12. Bxc6 bxc6 13. Nc3 c5 14. Na4 Qb4
15. Nxc5 Rc8 16. a3 Qb6 17. b4 Rc7 18. Re1 O-O 19. Bb2 Bb5 20. Kh1 h5 1/2-1/2

[Event "Cto Aragón Equipos 2016 D. Honor Gr I"]
[Site "Aragon"]
[Date "2016.02.06"]
[Round "2.1"]
[White "Del Rey, Diego"]
[Black "Salamero Pelay, Fernando"]
[Result "1-0"]
[WhiteElo "2388"]
[BlackElo "2169"]
[PlyCount "85"]
[EventDate "2016.??.??"]
[WhiteTeam "El Olivar A"]
[BlackTeam "Atl. Huesca"]

1. Nf3 Nf6 2. g3 Nc6 3. d4 d5 4. Bg2 Bg4 5. Ne5 Bf5 6. c4 Nxe5 7. dxe5 Nd7 8.
e6 fxe6 9. Nc3 c6 10. O-O Qb6 11. e4 Bxe4 12. Nxe4 dxe4 13. Bxe4 g6 14. Qg4 c5
15. Rd1 Ne5 16. Qe2 Bg7 17. h4 O-O 18. h5 Rad8 19. Bf4 Nc6 20. hxg6 Nd4 21. Qh5
hxg6 22. Bxg6 Rf6 23. Qh7+ Kf8 24. Bh6 Rxg6 25. Qxg6 Bxh6 26. Qxh6+ Kf7 27.
Qh5+ Kg7 28. Qg4+ Kf7 29. Kg2 Qc6+ 30. f3 Qa4 31. b3 Qa3 32. Qh5+ Kg7 33. Rd2
Rh8 34. Qg5+ Kf7 35. Qf4+ Kg7 36. Rf2 Qa5 37. Qe5+ Kg8 38. Re1 Qc3 39. Re4 Rh7
40. Rg4+ Kf7 41. Qb8 Rg7 42. Rxg7+ Kxg7 43. Qe5+ 1-0

[Event "Cto Aragón Equipos 2016 D. Honor Gr I"]
[Site "Aragon"]
[Date "2016.02.06"]
[Round "2.2"]
[White "Luis Vitalla, Fernando"]
[Black "Palacios Latasa, Elias"]
[Result "0-1"]
[WhiteElo "2117"]
[BlackElo "2238"]
[PlyCount "70"]
[EventDate "2016.??.??"]
[WhiteTeam "Atl. Huesca"]
[BlackTeam "El Olivar A"]

1. d4 Nf6 2. c4 e5 3. dxe5 Ng4 4. Bf4 g5 5. Bg3 Nc6 6. Nf3 Bg7 7. Qd2 h6 8. h4
Ngxe5 9. Nxe5 Nxe5 10. e3 d6 11. Nc3 Be6 12. b3 a5 13. Rc1 f5 14. Be2 O-O 15.
hxg5 hxg5 16. Nb5 Qe7 17. Nd4 Bd7 18. Nb5 Bc6 19. Nd4 Bxg2 20. Rh2 Be4 21. f3
f4 22. exf4 Nxf3+ 23. Nxf3 Bxf3 24. Kd1 Be4 25. fxg5 Rf5 26. Bf4 Raf8 27. Be3
Qf7 28. Bd3 Qe6 29. Kc2 Qe5 30. Bxe4 Qxe4+ 31. Qd3 Qe5 32. Rch1 c6 33. a4 d5
34. Rd2 Qb2+ 35. Kd1 Qa1+ 0-1

[Event "Cto Aragón Equipos 2016 D. Honor Gr I"]
[Site "Aragon"]
[Date "2016.02.06"]
[Round "2.3"]
[White "Hernando Garcia, Antonio"]
[Black "Gella Bitrian, Diego"]
[Result "1-0"]
[WhiteElo "2164"]
[BlackElo "2020"]
[PlyCount "97"]
[EventDate "2016.??.??"]
[WhiteTeam "El Olivar A"]
[BlackTeam "Atl. Huesca"]

1. c4 Nf6 2. Nc3 g6 3. Nf3 Bg7 4. g3 d6 5. Bg2 O-O 6. O-O e5 7. d3 c6 8. Rb1 h6
9. b4 Be6 10. b5 Qd7 11. Qb3 Nh7 12. bxc6 bxc6 13. Ba3 f5 14. Nd2 Rd8 15. Na4
Na6 16. Qb7 Qxb7 17. Rxb7 d5 18. Be7 Re8 19. cxd5 cxd5 20. Bc5 Rac8 21. Nb3 e4
22. Rxa7 Nxc5 23. Naxc5 Bf7 24. Rc1 Ng5 25. d4 Ne6 26. e3 Nxc5 27. Rxc5 Rxc5
28. Nxc5 Rb8 29. Rb7 Ra8 30. Rb2 Ra3 31. Kf1 Bf8 32. Rc2 Be8 33. Ke1 Be7 34.
Bf1 Bd8 35. Kd2 Ba5+ 36. Kc1 Be1 37. Kb2 Ra7 38. Ba6 Ra8 39. Bb7 Rb8 40. Kc1
Bf7 41. Bc6 Rb6 42. Nd7 Ra6 43. Ne5 Ra5 44. a4 Bb4 45. Bb5 Bd6 46. Rc8+ Kg7 47.
Nc6 Be6 48. Rd8 Bc7 49. Re8 1-0

[Event "Cto Aragón Equipos 2016 D. Honor Gr I"]
[Site "Aragon"]
[Date "2016.02.06"]
[Round "2.4"]
[White "Laplaza Ara, Carlos"]
[Black "Galve Guinea, Alejandro"]
[Result "1-0"]
[WhiteElo "1975"]
[BlackElo "2048"]
[PlyCount "77"]
[EventDate "2016.??.??"]
[WhiteTeam "Atl. Huesca"]
[BlackTeam "El Olivar A"]

1. d4 Nf6 2. c4 g6 3. Nc3 d5 4. cxd5 Nxd5 5. g3 Bg7 6. Bg2 Nb6 7. Nf3 Nc6 8. e3
O-O 9. O-O Be6 10. b3 h6 11. Bb2 Re8 12. Qd2 Qd7 13. Ne4 Bg4 14. Nc5 Qc8 15.
Rac1 Nd7 16. d5 Bxf3 17. dxc6 Nxc5 18. cxb7 Qxb7 19. Bxf3 Qxf3 20. Rxc5 Rad8
21. Qc2 h5 22. h4 Bxb2 23. Qxb2 Rd7 24. Qe5 Red8 25. Rxc7 Rd1 26. Rc1 Rxc1 27.
Rxc1 Rd1+ 28. Rxd1 Qxd1+ 29. Kg2 Qd7 30. Qd4 Qc6+ 31. Kf1 Qc7 32. Qc4 Qd7 33.
b4 e5 34. b5 Kg7 35. a4 f5 36. Ke2 f4 37. exf4 exf4 38. Qxf4 Qe6+ 39. Kf1 1-0